Piłkarze Lecha Poznań - nagła śmierć - Statystyki

Ogólne statystyki
  • Ten quiz został rozwiązany 451 razy
  • Średni wynik to 15 z 20
Answers on the Grid
Answers color-coded by a green-red scale on the quiz's grid according to % correct below.
Robert Lewandowski
Axel Witsel
Ivi López
Jan Bednarek
Ben Lederman
Karol Linetty
Kacper Kozłowski
Vladan Kovačević
Lukasz Teodorczyk
Tomáš Pekhart
Janis Papanikolau
Bartosz Bereszyński
Jakub Moder
Ivica Vrdoljak
Jakub Kaminski
Łukasz Zwoliński
Dawid Kownacki
Sergio Ramos
Antoni Kozubal
Ondrej Duda
Fran Tudor
Slawomir Peszko
Artjoms Rudnevs
Orlando Sá
Manuel Arboleda
Iñaki Astiz
Karol Angielski
Ivan Djurdjevic
Robert Gumny
Jesús Imaz
Afonso Sousa
Igor Angulo
Mikael Ishak
Tymoteusz Puchacz
Sławomir Abramowicz
Bartosz Salamon
Dušan Kuciak
Rafal Murawski
Sergey Krivets
Karol Świderski
 
Statystyki odpowiedzi
Odpowiedź % Poprawnych
Robert Lewandowski
99%
Jan Bednarek
85%
Karol Linetty
83%
Jakub Moder
77%
Mikael Ishak
77%
Robert Gumny
76%
Bartosz Salamon
75%
Antoni Kozubal
74%
Dawid Kownacki
74%
Tymoteusz Puchacz
74%
Afonso Sousa
73%
Jakub Kaminski
73%
Rafal Murawski
73%
Bartosz Bereszyński
72%
Lukasz Teodorczyk
68%
Slawomir Peszko
68%
Artjoms Rudnevs
64%
Manuel Arboleda
62%
Sergey Krivets
56%
Ivan Djurdjevic
55%
Nie znaleziono quizów pasujących do podanych kryteriów
Rozkład punktacji
Procent ludzi z każdym wynikiem
Percentyl według liczby udzielonych odpowiedzi
Twoja historia wyników
Nie rozwiązałeś tego quizu